El tíguere dominicano : (Registro nro. 7179)

Detalles MARC
000 -LEADER
fixed length control field 01057nam a22002537a 4500
003 - CONTROL NUMBER IDENTIFIER
control field OSt
005 - DATE AND TIME OF LATEST TRANSACTION
control field 20210215110130.0
008 - FIXED-LENGTH DATA ELEMENTS--GENERAL INFORMATION
fixed length control field 210215s2002 Dr ||||gr|||| 00| 0 spa d
020 ## - INTERNATIONAL STANDARD BOOK NUMBER
International Standard Book Number 9993429244
040 ## - CATALOGING SOURCE
Original cataloging agency CO-JMCR
Transcribing agency CO-JMCR
041 0# - LANGUAGE CODE
Language code of text/sound track or separate title spa
082 04 - DEWEY DECIMAL CLASSIFICATION NUMBER
Classification number 930 /
Item number C697t
Edition number 23
100 1# - MAIN ENTRY--PERSONAL NAME
Personal name Collado, Lipe,
Relator term autor
9 (RLIN) 13425
245 ## - TITLE STATEMENT
Title El tíguere dominicano :
Remainder of title hacia una aproximación de cómo en el dominicano /
Statement of responsibility, etc. Lipe Collado
250 ## - EDITION STATEMENT
Edition statement Tercera edición
260 ## - PUBLICATION, DISTRIBUTION, ETC.
Place of publication, distribution, etc. República Dominicana :
Name of publisher, distributor, etc. Collado,
Date of publication, distribution, etc. 2002
300 ## - PHYSICAL DESCRIPTION
Extent 192 páginas ;
Dimensions 21 cm.
504 ## - BIBLIOGRAPHY, ETC. NOTE
Bibliography, etc. note Bibliografía : páginas 191-192.
505 0# - FORMATTED CONTENTS NOTE
Formatted contents note La palabra tíguere -- Socialización y remedación -- El tíguere en la literatura y otros escritos -- Clasificación de tíguere -- Medio ambiente del tíguere -- Caracteristicas del tíguere -- El tíguere Porfirio Rubirosa
650 14 - SUBJECT ADDED ENTRY--TOPICAL TERM
Topical term or geographic name entry element Características nacionales,
Geographic subdivision República Dominicana
9 (RLIN) 13426
650 24 - SUBJECT ADDED ENTRY--TOPICAL TERM
Topical term or geographic name entry element Psicología social
Geographic subdivision República Dominicana.
9 (RLIN) 13427
650 24 - SUBJECT ADDED ENTRY--TOPICAL TERM
Topical term or geographic name entry element Psicología Social.
9 (RLIN) 1189
942 ## - ADDED ENTRY ELEMENTS (KOHA)
Source of classification or shelving scheme Dewey Decimal Classification
Koha item type Books
Existencias
Withdrawn status Lost status Source of classification or shelving scheme Damaged status Not for loan Home library Current library Shelving location Date acquired Source of acquisition Total Checkouts Full call number Barcode Date last seen Copy number Price effective from Koha item type
    Dewey Decimal Classification     Biblioteca Pública José María del Castillo y Rada Biblioteca Pública José María del Castillo y Rada General Stacks 10/02/2020 Donación   930 / C697t 201809932 05/16/2024 Ej.1 10/02/2020 Books